| 000 | 01217cam a22002531 4500 | ||
|---|---|---|---|
| 999 |
_c128516 _d128516 |
||
| 001 | 9672831 | ||
| 003 | ARRUPE | ||
| 005 | 20181108111542.0 | ||
| 008 | 740521s1925 enk 000 1 eng | ||
| 010 | _a 26018393 | ||
| 035 | _a(OCoLC)892124 | ||
| 040 |
_aDLC _cOGK _dDLC |
||
| 041 | 1 |
_aeng _hrus |
|
| 050 | 0 | 0 |
_aPZ1.C358 _bS4 |
| 100 | 1 |
_aChamot, A. E. _q(Alfred Edward), _d1855- _ecomp. and tr. _943287 |
|
| 245 | 0 | 0 |
_aSelected Russian short stories, _cchosen and translated by A. E. Chamot. |
| 260 |
_aLondon, _aNew York, _bH. Milford, Oxford University Press _c[1925] |
||
| 300 |
_axiv, 344 p. _c15 cm. |
||
| 490 | 0 | _aThe world's classics, CCLXXXVII | |
| 505 | 0 | _aPushkin, A. S. The queen of spades.--Gogol, N. Christmas eve.--Lermontov, M. Y. Taman. Ashik-Kerib.--Turgenev, I. S. Asya.--Dostoevski, F, M. A nasty story.--Garshin, V. M. The signal. The red flower.--Chekhov, A. An awkward situation. The thieves.--'Gorki, M.' (Peshkov) In the steppes. The khan and his son.--Kuprin, A. Temptation.--Andreev, L. N. The lie. Silence. | |
| 650 | 0 |
_aRussian fiction _vTranslations into English. _943288 |
|
| 650 | 0 |
_aEnglish fiction _vTranslations from Russian _943289 |
|
| 906 |
_a7 _bcbc _coclcrpl _du _encip _f19 _gy-gencatlg |
||
| 942 |
_2lcc _cMONOGRAPH |
||